000 00497nam a2200193Ia 4500
005 20240823021705.0
008 240823s9999||||xx |||||||||||||| ||und||
020 _a81-89411-83-7
041 _aENGLISH
082 _A621.3822 P6
100 _aChitode J S
245 0 _aDigital Signal Processing VIth Sem IT Em VII (CSE)
250 _a1st
260 _c2006
_bTechnical Publications
_aPune
500 _aYES
650 _aSignal Processing
_bInstrumentation
942 _cBK
999 _c177542
_d177542